[Event "FRA-ch U08 Girls"]
[Site "Aix les Bains"]
[Date "2006.??.??"]
[Round "5"]
[White "Imperor, Lorene"]
[Black "Froment, Josephine"]
[Result "1-0"]
[WhiteElo "1360"]
[BlackElo "1010"]
[PlyCount "59"]
[EventDate "2006.04.16"]
[EventType "swiss"]
[EventRounds "9"]
[EventCountry "FRA"]
[SourceTitle "EXT 2007"]
[Source "ChessBase"]
[SourceDate "2006.11.23"]
[SourceVersion "1"]
[SourceVersionDate "2006.11.23"]
[SourceQuality "1"]

1. e4 e6 2. d4 d5 3. exd5 exd5 4. Bd3 Bd6 5. Nf3 Bg4 6. 0-0 Nf6 7. Re1+ Be7 8. Qe2 0-0 9. Qxe7 Qc8 10. Qb4 Nc6 11. Qb3 Bxf3 12. Qc3 Bh5 13. Bf4 Ng4 14. h3 Nf6 15. Nd2 Re8 16. Rxe8+ Qxe8 17. Bxc7 Qe7 18. Bf4 Re8 19. Qc5 Qe6 20. Qd6 Qc8 21. c3 Re7 22. Nf3 Bxf3 23. gxf3 Nh5 24. h4 Nxf4 25. Qxf4 Qh3 26. Bf5 Re1+ 27. Rxe1 Qh2+ 28. Kxh2 Ne7 29. Qb8+ Nc8 30. Re8# 1-0